| 000 | 00795nam a2200193Ia 4500 | ||
|---|---|---|---|
| 003 | GCL | ||
| 005 | 20240530105210.0 | ||
| 008 | 140319s9999 xx 000 0 ara d | ||
| 040 |
_aGCL / _cGCL |
||
| 082 | 0 | 4 |
_a227.1 _bج ق |
| 100 | 1 | _aجلال الدين محمد بن احمد المحلى | |
| 245 | 1 | 0 |
_aالقران الكريم بالرسم العثمانى تفسير الامامين الجليلين / _cجلال الدين محمد بن احمد المحلى |
| 260 |
_aبيروت : _bدار المعرفة |
||
| 300 |
_a832 ص ؛ _c30 سم |
||
| 650 | 0 | 4 | _aالقران - اعجاز |
| 650 | 0 | 4 | _aالقران - تفاسير |
| 700 | 1 | _aالسيوطى : جلال الدين ابوالفضل عبدالرحمن بن ابى بكر بن محمد الخضيرى | |
| 942 |
_2ddc _cBK |
||
| 999 |
_c53868 _d53868 |
||